000 00716nam a2200289Ia 4500
005 20260324112916.0
008 008 260324s9999 xx 000 0 eng d
020 _a9781032662862
037 _aEBOOK
040 _aCRL
040 _beng
040 _cCRL
041 _2eng
041 _aeng
084 _qCRL
100 _aAlison Wilcox
_91144635
245 0 _aDescriptosaurus Grammar Companion Ages 9 to 12
245 2 _bA Language Toolkit and Support for Creative Writing
260 _bTaylor and Francis
260 _c2024
365 _a
365 _b220
856 _uhttp://www.taylorfrancis.com/books/9781032662862
942 _cEBOOK
999 _c1734022
_d1734022